• 首页
  • 本馆介绍
  • 公告通知
  • 最新文献
  • 馆藏检索
  • 电子资源
  • 读者导购
  • 参考咨询
  • 我的图书馆
  • 登录
  • 详细信息显示
  • 放入我的书架
  • 预约/预借图书
  • 作者相关作品
  • 分类相关作品
  • 丛书相关作品
  • 出版社相关作品

书目信息

  • 表格格式
  • 工作单格式
  • 卡片格式
题名:
中国人民解放军选举全国人民代表大会和地方各级人民代表大会代表的办法
    
 
作者:
分册:  
出版信息: 北京   法律出版社  1982
页数: 10页
开本: 20cm
丛书名:
单 册:
中图分类: D921.2
科图分类:
主题词: 法律--中国
电子资源:
ISBN:
000 00634nam0 2200193 450
001 0655486609
005 20060705152649.89
010    @dCNY0.07
100    @a20060705d1982 km y0chiy0120 ea
101 0  @achi
102    @aCN@b110000
102    @aCN@b110000
200 1  @a中国人民解放军选举全国人民代表大会和地方各级人民代表大会代表的办法@Azhong guo ren min jie fang jun xuan ju quan guo ren min dai biao da hui he di fang ge ji ren min dai biao da hui dai biao de ban fa
210    @a北京@c法律出版社@d1982
215    @a10页@d20cm
606 0  @a法律@x中国
690    @aD921.2@v3
801  0 @aCN@bPFT@c20060705
905    @a10447@dD921.2@e429
    
    中国人民解放军选举全国人民代表大会和地方各级人民代表大会代表的办法.-北京:法律出版社,1982
    10页;20cm
    
    
    ISBN :CNY0.07
    
●
相关链接 在E读中查询图书 在五车中查询图书 在当当中查询图书 在豆瓣中查询图书


正题名:中国人民解放军选举全国人民代表大会和地方各级人民代表大会代表的办法     索取号:D921.2/429         预约/预借

序号 登录号 条形码 馆藏地/架位号 状态 备注
1 0422063   204220636   密集书库/ [索取号:D921.2/429] 在馆    
2 0422064   204220645   密集书库/ [索取号:D921.2/429] 在馆    
唐山师范学院图书馆 欢迎您!
大连网信软件有限公司© 版权所有